LEADER 01037nam0-2200349---450- 001 990008503040403321 005 20070906122716.0 010 $a88-263-1555-8 035 $a000850304 035 $aFED01000850304 035 $a(Aleph)000850304FED01 035 $a000850304 100 $a20070418d2004----km-y0itay50------ba 101 0 $aita 102 $aIT 105 $aa-------001yy 200 1 $aEssere neonati$eosservazioni psicoanalitiche$fDina Vallino, Marco Macciò$gintroduzione di Franco Borgogno 210 $aRoma$cBorla$d2004 215 $a261 p.$cill.$d22 cm 225 1 $a<>camera dei bambini$estudi di psicoanalisi infantile 610 0 $aNeonato$aPsicoanalisi 676 $a155.422$v21$zita 700 1$aVallino,$bDina$0188331 701 1$aMacciò,$bMarco$0411845 702 1$aBorgogno,$bFranco 801 0$aIT$bUNINA$gRICA$2UNIMARC 901 $aBK 912 $a990008503040403321 952 $aP.1 PSV 320$bBibl. 55730$fFLFBC 959 $aFLFBC 996 $aEssere neonati$9731906 997 $aUNINA LEADER 02510oas 2200985 a 450 001 9910146438503321 005 20260218112640.0 011 $a1949-0984 035 $a(OCoLC)401346876 035 $a(CONSER) 2009203206 035 $a(CKB)1000000000752459 035 $a(DE-599)ZDB2575755-6 035 $a(DE-599)2575755-6 035 $a(EXLCZ)991000000000752459 100 $a20090616a20109999 uy a 101 0 $aeng 135 $aur||||||||||| 181 $ctxt$2rdacontent 182 $cc$2rdamedia 183 $acr$2rdacarrier 200 10$aGut microbes 210 $aAustin, Tex. $cLandes Bioscience$d©2010- 300 $aRefereed/Peer-reviewed 311 08$a1949-0976 606 $aGastrointestinal system$xMicrobiology$vPeriodicals 606 $aMicrobiology$vPeriodicals 606 $aIntestine, Small$vPeriodicals 606 $aGastrointestinal Tract 606 $aMicrobiology 606 $aIntestine, Small 606 $aMicrobiologie$vPe?riodiques 606 $aIntestin gre?le$vPe?riodiques 606 $aGastrointestinal system$xMicrobiology$2fast$3(OCoLC)fst00938889 606 $aIntestine, Small$2fast$3(OCoLC)fst00977660 606 $aMicrobiology$2fast$3(OCoLC)fst01019576 608 $aPeriodicals.$2fast 608 $aPeriodicals.$2lcgft 615 0$aGastrointestinal system$xMicrobiology 615 0$aMicrobiology 615 0$aIntestine, Small 615 2$aGastrointestinal Tract. 615 2$aMicrobiology. 615 2$aIntestine, Small. 615 6$aMicrobiologie 615 6$aIntestin gre?le 615 7$aGastrointestinal system$xMicrobiology. 615 7$aIntestine, Small. 615 7$aMicrobiology. 676 $a591.1 712 02$aLandes Bioscience 801 0$bDLC 801 1$bDLC 801 2$bDLC 801 2$bTXA 801 2$bHEBIS 801 2$bOCLCQ 801 2$bOCLCF 801 2$bOCLCO 801 2$bOCLCQ 801 2$bCUI 801 2$bOCLCO 801 2$bCOO 801 2$bWY@ 801 2$bNLE 801 2$bU3W 801 2$bAU@ 801 2$bOCLCO 801 2$bUKMGB 801 2$bWYU 801 2$bOCLCO 801 2$bAUD 801 2$bOCLCA 801 2$bVT2 801 2$bOCLCO 801 2$bCNTRU 801 2$bBWN 801 2$bOCLCQ 801 2$bNRC 801 2$bQGK 801 2$bNLM 801 2$bOCLCL 906 $aJOURNAL 912 $a9910146438503321 996 $aGut microbes$91960590 997 $aUNINA